000 00524nam a22002057a 4500
003 LK-CoDNM
005 20250205155526.0
008 250205b |||||||| |||| 00| 0 eng d
040 _aLK-CoDNM
_dLK-CoDNM
_eLK-CoDNM
041 _aeng
080 _a75
_bD35
100 _aCoffin, David L.
245 _aParrots and parrot-like Birds
260 _aFond du lac, Wisconsin
_bAll pets books Inc.
_c1954
300 _axiv, 210p. : ill ; 23 cm
650 _aAnimals
650 _aBirds
650 _aParrots
942 _cBK
999 _c237863
_d237863